Best NBA per Catagory of All Time - Statistics

General Stats
  • This quiz has been taken 95 times
  • The average score is 13 of 19
Answer Stats
Catagory Player % Correct
All Around Lebron James
96%
Mid-range Michael Jordan
96%
3-Point Shooting Stephen Curry
96%
Most Dominant Shaquille O'Neal
86%
Clutch Kobe Bryant
80%
Dribbling Allen Iverson
75%
Stealing John Stockton
75%
Rebounding Wilt Chamberlain
75%
Shot Blocking Hakeem Olajuwon
71%
Scoring Kareem Abdul-Jabbar
71%
Assists Chris Paul
66%
Dunking Vince Carter
63%
Passing Magic Johnson
60%
Defending Bill Russell
52%
Leadership Tim Duncan
49%
Efficency Karl Malone
43%
Basketball IQ Larry Bird
39%
Speed Dwayne Wade
33%
6th Man Manu Ginobili
29%
No matching quizzes found
Score Distribution
Percent of People with Each Score
Percentile by Number Answered
Your Score History
You have not taken this quiz